Premier League Transfers 2018/2019 - Statistics

General Stats
  • This quiz has been taken 283 times
  • The average score is 13 of 24
Answer Stats
Moving From: Moving To: Price (£M) Answer % Correct
Leicester City Manchester City £61 Riyad Mahrez
96%
Athletic Bilbao Chelsea £72 Kepa Arrizabalaga
93%
Roma Liverpool £56.25 Alisson
91%
RB Leipzig Liverpool £54 Naby Keita
84%
Shakhtar Donetsk Manchester United £53.1 Fred
83%
Monaco Liverpool £40.5 Fabinho
81%
Napoli Chelsea £51.3 Jorginho
79%
Watford Everton £35.28 Richarlison
64%
Lazio West Ham United £34.2 Felipe Anderson
61%
Chelsea Real Madrid £31.5 Thibaut Courtois
56%
Barcelona Everton £27.2 Yerry Mina
55%
Barcelona Everton £18.18 Lucas Digne
54%
Bayer Leverkusen Arsenal £22.5 Bernd Leno
50%
Sampdoria Arsenal £27 Lucas Torreira
44%
FC Porto Manchester United £19.8 Diogo Dalot
43%
Norwich Leicester £22.5 James Maddison
42%
OGC Nice Fulham £27 Jean Michaël Seri
41%
FC Porto Leicester City £19.8 Ricardo Pereira
34%
Newcastle United Fulham £18.18 Aleksandar Mitrovic
33%
Toulouse West Ham United £22.5 Issa Diop
30%
Levante Bournemouth £25.2 Jefferson Lerma
28%
Borussia M'gladbach Southampton £22.5 Jannik Vestergaard
20%
Marseille Fulham £22.3 André Zambo Anguissa
17%
SC Freiburg Leicester City £18.99 Caglar Söyüncü
17%
No matching quizzes found
Score Distribution
Percent of People with Each Score
Percentile by Number Answered
Your Score History
You have not taken this quiz